<?xml version="1.0" encoding="UTF-8"?>
<record
    xmlns:xsi="http://www.w3.org/2001/XMLSchema-instance"
    xsi:schemaLocation="http://www.loc.gov/MARC21/slim http://www.loc.gov/standards/marcxml/schema/MARC21slim.xsd"
    xmlns="http://www.loc.gov/MARC21/slim">

  <leader>00780cam a2200253 a 4500</leader>
  <controlfield tag="001">TB12475</controlfield>
  <controlfield tag="003">IN-BhIIT</controlfield>
  <controlfield tag="005">20250707170515.0</controlfield>
  <controlfield tag="008">941011s1995    nyua     b    001 0 eng  </controlfield>
  <datafield tag="020" ind1=" " ind2=" ">
    <subfield code="a">9781107605282 (pbk.)</subfield>
  </datafield>
  <datafield tag="040" ind1=" " ind2=" ">
    <subfield code="a">IN-BhIIT</subfield>
  </datafield>
  <datafield tag="041" ind1=" " ind2=" ">
    <subfield code="a">eng</subfield>
  </datafield>
  <datafield tag="082" ind1="0" ind2="0">
    <subfield code="a">537.6225</subfield>
    <subfield code="b">DAT/E</subfield>
  </datafield>
  <datafield tag="100" ind1="1" ind2=" ">
    <subfield code="a">Datta, Supriyo</subfield>
    <subfield code="e">Author</subfield>
    <subfield code="9">19701</subfield>
  </datafield>
  <datafield tag="245" ind1="1" ind2="0">
    <subfield code="a">Electronic transport in mesoscopic systems /</subfield>
    <subfield code="c">by Supriyo Datta.</subfield>
  </datafield>
  <datafield tag="260" ind1=" " ind2=" ">
    <subfield code="a">New Delhi :</subfield>
    <subfield code="b">Cambridge University Press,</subfield>
    <subfield code="c">2016.</subfield>
  </datafield>
  <datafield tag="300" ind1=" " ind2=" ">
    <subfield code="a">xv, 377 p. :</subfield>
    <subfield code="b">ill. ;</subfield>
    <subfield code="c">24 cm.</subfield>
  </datafield>
  <datafield tag="504" ind1=" " ind2=" ">
    <subfield code="a">Includes bibliographical references and index.</subfield>
  </datafield>
  <datafield tag="650" ind1=" " ind2="0">
    <subfield code="a">Electron transport.</subfield>
    <subfield code="9">10532</subfield>
  </datafield>
  <datafield tag="650" ind1=" " ind2="0">
    <subfield code="a">Semiconductors.</subfield>
  </datafield>
  <datafield tag="650" ind1=" " ind2="0">
    <subfield code="a">Green's functions.</subfield>
    <subfield code="9">19578</subfield>
  </datafield>
  <datafield tag="650" ind1=" " ind2="0">
    <subfield code="a">Mesoscopic phenomena (Physics)</subfield>
    <subfield code="9">19417</subfield>
  </datafield>
  <datafield tag="942" ind1=" " ind2=" ">
    <subfield code="c">TB</subfield>
  </datafield>
  <datafield tag="999" ind1=" " ind2=" ">
    <subfield code="c">14923</subfield>
    <subfield code="d">14923</subfield>
  </datafield>
  <datafield tag="952" ind1=" " ind2=" ">
    <subfield code="0">0</subfield>
    <subfield code="1">0</subfield>
    <subfield code="2">ddc</subfield>
    <subfield code="4">0</subfield>
    <subfield code="7">0</subfield>
    <subfield code="8">SBS</subfield>
    <subfield code="a">CLIITBBS</subfield>
    <subfield code="b">CLIITBBS</subfield>
    <subfield code="d">2025-03-13</subfield>
    <subfield code="e">33</subfield>
    <subfield code="g">974.25</subfield>
    <subfield code="l">0</subfield>
    <subfield code="o">537.6225 DAT/E</subfield>
    <subfield code="p">TB12477</subfield>
    <subfield code="r">2025-03-13 00:00:00</subfield>
    <subfield code="v">1299.00</subfield>
    <subfield code="w">2025-03-13</subfield>
    <subfield code="y">TB</subfield>
  </datafield>
  <datafield tag="952" ind1=" " ind2=" ">
    <subfield code="0">0</subfield>
    <subfield code="1">0</subfield>
    <subfield code="2">ddc</subfield>
    <subfield code="4">0</subfield>
    <subfield code="7">0</subfield>
    <subfield code="8">SBS</subfield>
    <subfield code="a">CLIITBBS</subfield>
    <subfield code="b">CLIITBBS</subfield>
    <subfield code="d">2025-03-13</subfield>
    <subfield code="e">33</subfield>
    <subfield code="g">974.25</subfield>
    <subfield code="l">0</subfield>
    <subfield code="o">537.6225 DAT/E</subfield>
    <subfield code="p">TB12476</subfield>
    <subfield code="r">2025-03-13 00:00:00</subfield>
    <subfield code="v">1299.00</subfield>
    <subfield code="w">2025-03-13</subfield>
    <subfield code="y">TB</subfield>
  </datafield>
  <datafield tag="952" ind1=" " ind2=" ">
    <subfield code="0">0</subfield>
    <subfield code="1">0</subfield>
    <subfield code="2">ddc</subfield>
    <subfield code="4">0</subfield>
    <subfield code="7">0</subfield>
    <subfield code="8">SBS</subfield>
    <subfield code="a">CLIITBBS</subfield>
    <subfield code="b">CLIITBBS</subfield>
    <subfield code="d">2025-03-13</subfield>
    <subfield code="e">33</subfield>
    <subfield code="g">974.25</subfield>
    <subfield code="l">0</subfield>
    <subfield code="o">537.6225 DAT/E</subfield>
    <subfield code="p">TB12475</subfield>
    <subfield code="r">2025-03-13 00:00:00</subfield>
    <subfield code="v">1299.00</subfield>
    <subfield code="w">2025-03-13</subfield>
    <subfield code="y">TB</subfield>
  </datafield>
</record>
